The disconnection between the Kenyan law and Kenyan citizen: An analysis of the Historical Imposition of common law and the relevance of customary law in post modern Kenyan Society (Record no. 3991)

000 -LEADER
fixed length control field 00513nam a22001457a 4500
003 - CONTROL NUMBER IDENTIFIER
control field OSt
005 - DATE AND TIME OF LATEST TRANSACTION
control field 20180618100813.0
008 - FIXED-LENGTH DATA ELEMENTS--GENERAL INFORMATION
fixed length control field 180618b xxu||||| |||| 00| 0 eng d
050 ## - LIBRARY OF CONGRESS CALL NUMBER
Classification number RUSC K588.B85 2018
100 ## - MAIN ENTRY--PERSONAL NAME
Personal name Bulhan, Ahmed
245 ## - TITLE STATEMENT
Title The disconnection between the Kenyan law and Kenyan citizen: An analysis of the Historical Imposition of common law and the relevance of customary law in post modern Kenyan Society
Statement of responsibility, etc Ahmed Bulhan
260 ## - PUBLICATION, DISTRIBUTION, ETC. (IMPRINT)
Place of publication, distribution, etc Nairobi
Date of publication, distribution, etc 2018
300 ## - PHYSICAL DESCRIPTION
Extent 41 p
Dimensions 24cm
942 ## - ADDED ENTRY ELEMENTS (KOHA)
Source of classification or shelving scheme
Koha item type Research Project
Holdings
Withdrawn status Lost status Source of classification or shelving scheme Damaged status Not for loan Home library Current library Shelving location Date acquired Total Checkouts Full call number Barcode Date last seen Price effective from Koha item type
          Riara University Library Riara University Library Special Collection 18/06/2018   RUSC K588.B85 2017 10022/18 18/06/2018 18/06/2018 Research Project

Riara University Library,
P.O. Box 49940-00100,
Nairobi, Kenya.